Tous les sites UNESCO du Royaume-Uni et d'Irlande sur une carte - Statistiques

Statistiques générales
  • Ce quiz a été pris 127 fois
    122 depuis la dernière actualisation
  • Le résultat moyen est 13 sur 36
Réponses sur la Carte
Les réponses sont colorées sur une échelle allant du rouge au vert en fonction du pourcentage des utilisateurs qui les ont devinées à leur premier essai. Vous pouvez retrouver ces pourcentages ci-dessous.
 
Statistiques - réponses
Réponse % Correct
Frontières de l’Empire romain
81%
Ville historique de St George et les fortifications associées, aux Bermudes
73%
Vieille ville et Nouvelle ville d'Edimbourg
70%
Chaussée des Géants et sa côte
69%
Paysage minier des Cornouailles et de l’ouest du Devon
65%
Le paysage d’ardoise du nord-ouest du pays de Galles
60%
Littoral du Dorset et de l'est du Devon
57%
Stonehenge, Avebury et sites associés
56%
Tour de Londres
56%
Ville de Bath
50%
Palais de Westminster et l'abbaye de Westminster incluant l'église Sainte-Marguerite
49%
Le District des Lacs anglais
48%
Cathédrale, abbaye Saint-Augustin et église Saint-Martin à Cantorbéry
47%
Coeur néolithique des Orcades
42%
Île de St Kilda
40%
Brú na Bóinne - Ensemble archéologique de la Vallée de la Boyne
38%
Châteaux forts et enceintes du roi Édouard Ier dans l'ancienne principauté de Gwynedd
35%
Îles de Gough et Inaccessible
34%
Île d'Henderson
31%
Maritime Greenwich
30%
Cathédrale et château de Durham
29%
Le pont du Forth
26%
Sceilg Mhichíl
26%
Jardins botaniques royaux de Kew
22%
Le Flow Country
20%
New Lanark
16%
Palais de Blenheim
15%
Ensemble des grottes de Gorham
13%
Paysage industriel de Blaenavon
13%
Colonies de l’Église morave
12%
Gorge d'Ironbridge
12%
Parc de Studley Royal avec les ruines de l'abbaye de Fountains
9%
Observatoire de Jodrell Bank
8%
Pont-canal et canal de Pontcysyllte
8%
Saltaire
8%
Usines de la vallée de la Derwent
7%
Aucun quiz correspondant
Distribution des résultats
% des personnes avec chaque résultat
Percentile par nombre de réponses
Votre historique - résultats
Vous n’avez pas pris ce quiz depuis la dernière actualisation